| 000 | 01245nam a22002777a 4500 | ||
|---|---|---|---|
| 003 | BPGM | ||
| 008 | 260617b2003 mx ||||| |||| 001 0 spa d | ||
| 020 | _a970-35-0474-4 | ||
| 040 |
_aMÉXICO _bspa |
||
| 041 | _aspa | ||
| 082 | 0 | 4 |
_aCQ / 864M _bH4864 |
| 100 | _aHERNÁNDEZ QUEZADA, JAVIER | ||
| 245 |
_aNO ESTÁ EN MIS MANOS ESCRIBIR SIN VEHEMENCIA _bAUTOBIOGRAFIA Y PICARESCA EN LAS " MEMORIAS " DE FRAY SERVANDO |
||
| 250 |
_aPRIMERA EDICIÓN, _b2003 |
||
| 260 |
_aMÉXICO ; _bCONACULTA , _c2003 . |
||
| 300 |
_a199 páginas : _c20.5 cm x 12.5 cm |
||
| 336 |
_2rdacontent _atexto _btxt |
||
| 337 |
_2rdamedia _asin mediación _bn |
||
| 338 |
_2rdacarrier _avolumen _bnc |
||
| 490 | 0 | _v273 | |
| 505 | _aEL AUTOR, JAVIER HERNÁNDEZ QUEZADA, ANALIZA EL TEXTO DEL FRAILE Y NOS DEMUESTRA QUE FRAY SERVANDO NO SOLO QUERÍA CONTAR LA HISTORIA DE SU VIDA, SINO QUE SE CONSTRUYÓ A SÍ MISMO COMO UN PERSONAJE LITERARIO: UN PÍCARO ASTUTO, REBELDE Y SOBREVIVIENTE QUE UTILIZABA EL INGENIO PARA BURLARSE DE LA INQUISICIÓN, ESCAPARSE DE LAS CÁRCELES Y DEFENDERSE DE SUS ENEMIGOS POLÍTICOS. | ||
| 650 | _2LITERATURA Y RETORICA | ||
| 650 | _2LITERATURAS ESPAÑOLAS Y PORTUGUESA | ||
| 650 | _2ENSAYOS ESPAÑOLES | ||
| 942 |
_2ddc _cCOLQ |
||
| 999 |
_c68620 _d68620 |
||